| 000 | 00611nam a2200169 4500 | ||
|---|---|---|---|
| 001 | 121260 | ||
| 003 | ES-MaACL | ||
| 007 | t| | ||
| 008 | 070214s1974 sp r ||||1| spa d | ||
| 100 | 1 |
_aPonzio, Augusto. _993072 |
|
| 245 | 1 | 0 |
_aProducción lingüística e ideología social _b: para una teoría marxista del lenguaje y de la comunicación / _cAugusto Ponzio ; traducción de Pilar M. Laveaga, Mariano Anós. |
| 260 |
_aMadrid : _bAlberto Corazón, _c1974. |
||
| 300 |
_a294 p. ; _c21 cm. |
||
| 700 | 1 |
_aLaveaga, Pilar M. _970696 |
|
| 700 | 1 |
_aAnós, Mariano. _921816 |
|
| 852 |
_aES-MaACL _jE-9524 _bR.94001 |
||
| 999 |
_c121260 _d121260 |
||